<?xml version="1.0" encoding="UTF-8"?>
<record
    xmlns:xsi="http://www.w3.org/2001/XMLSchema-instance"
    xsi:schemaLocation="http://www.loc.gov/MARC21/slim http://www.loc.gov/standards/marcxml/schema/MARC21slim.xsd"
    xmlns="http://www.loc.gov/MARC21/slim">

  <leader>01296nam a22002297a 4500</leader>
  <controlfield tag="005">20260428162002.0</controlfield>
  <controlfield tag="008">260428b        |||||||| |||| 00| 0 eng d</controlfield>
  <datafield tag="020" ind1=" " ind2=" ">
    <subfield code="a">9780198806851</subfield>
  </datafield>
  <datafield tag="040" ind1=" " ind2=" ">
    <subfield code="c">AL</subfield>
  </datafield>
  <datafield tag="041" ind1=" " ind2=" ">
    <subfield code="a">English</subfield>
  </datafield>
  <datafield tag="082" ind1=" " ind2=" ">
    <subfield code="a">342.4106</subfield>
    <subfield code="b">WADW</subfield>
  </datafield>
  <datafield tag="100" ind1=" " ind2=" ">
    <subfield code="a">William Wade and others</subfield>
    <subfield code="9">263100</subfield>
  </datafield>
  <datafield tag="245" ind1=" " ind2=" ">
    <subfield code="a">Wade and Forsyths</subfield>
    <subfield code="b">: Administrative law</subfield>
  </datafield>
  <datafield tag="260" ind1=" " ind2=" ">
    <subfield code="a">UK</subfield>
    <subfield code="b">Oxford university press</subfield>
    <subfield code="c">2014</subfield>
  </datafield>
  <datafield tag="300" ind1=" " ind2=" ">
    <subfield code="a">820 p.</subfield>
    <subfield code="b">PB</subfield>
    <subfield code="c">25x17 cm.</subfield>
  </datafield>
  <datafield tag="365" ind1=" " ind2=" ">
    <subfield code="a">1368</subfield>
    <subfield code="b">&#xA3;5070.87</subfield>
    <subfield code="c">&#xA3;53.99</subfield>
    <subfield code="d">&#xA3;6761.17</subfield>
    <subfield code="e">25%</subfield>
    <subfield code="f">21-03-2026</subfield>
  </datafield>
  <datafield tag="520" ind1=" " ind2=" ">
    <subfield code="a">Wade and Forsyth's Administrative Law has been a cornerstone text since publication of the first
edition in 1961. It provides a comprehensive and perceptive account of the principles of judicial
review and the administrative arrangements of the United Kingdom. For over sixty years,
this text has been trusted by students and is extensively cited by courts throughout the common law world.
The book's clarity of exposition makes it accessible to students approaching the subject
for the first time, whilst its breadth of coverage and perceptive insight ensure its value to all
interested in the field, academics and practitioners alike.</subfield>
  </datafield>
  <datafield tag="650" ind1=" " ind2=" ">
    <subfield code="a">law</subfield>
    <subfield code="9">263101</subfield>
  </datafield>
  <datafield tag="700" ind1=" " ind2=" ">
    <subfield code="a">Forsyth,Christopher</subfield>
    <subfield code="9">263102</subfield>
  </datafield>
  <datafield tag="700" ind1=" " ind2=" ">
    <subfield code="a">Ghosh,Julian</subfield>
    <subfield code="9">263103</subfield>
  </datafield>
  <datafield tag="942" ind1=" " ind2=" ">
    <subfield code="2">ddc</subfield>
    <subfield code="c">BK</subfield>
  </datafield>
  <datafield tag="999" ind1=" " ind2=" ">
    <subfield code="c">241378</subfield>
    <subfield code="d">241378</subfield>
  </datafield>
  <datafield tag="952" ind1=" " ind2=" ">
    <subfield code="0">0</subfield>
    <subfield code="1">0</subfield>
    <subfield code="2">ddc</subfield>
    <subfield code="4">0</subfield>
    <subfield code="7">0</subfield>
    <subfield code="8">Law</subfield>
    <subfield code="a">LL</subfield>
    <subfield code="b">LL</subfield>
    <subfield code="d">2026-04-23</subfield>
    <subfield code="e">MPP House Bengaluru -560009</subfield>
    <subfield code="g">5070.87</subfield>
    <subfield code="l">0</subfield>
    <subfield code="o">342.4106 WADW</subfield>
    <subfield code="p">LL002721</subfield>
    <subfield code="r">2026-04-28 16:21:37</subfield>
    <subfield code="v">6761.17</subfield>
    <subfield code="w">2026-03-21</subfield>
    <subfield code="y">BK</subfield>
  </datafield>
  <datafield tag="952" ind1=" " ind2=" ">
    <subfield code="0">0</subfield>
    <subfield code="1">0</subfield>
    <subfield code="2">ddc</subfield>
    <subfield code="4">0</subfield>
    <subfield code="7">0</subfield>
    <subfield code="8">Law</subfield>
    <subfield code="a">LL</subfield>
    <subfield code="b">LL</subfield>
    <subfield code="d">2026-04-23</subfield>
    <subfield code="e">MPP House Bengaluru -560009</subfield>
    <subfield code="g">5070.87</subfield>
    <subfield code="l">0</subfield>
    <subfield code="o">342.4106 WADW</subfield>
    <subfield code="p">LL002722</subfield>
    <subfield code="r">2026-04-28 16:21:37</subfield>
    <subfield code="v">6761.17</subfield>
    <subfield code="w">2026-03-21</subfield>
    <subfield code="y">BK</subfield>
  </datafield>
</record>
